Decentralisation and urban local government in Tanzania (Record no. 3194)

000 -LEADER
fixed length control field 00435pab a2200145 454500
008 - FIXED-LENGTH DATA ELEMENTS--GENERAL INFORMATION
fixed length control field 180718b1985 xxu||||| |||| 00| 0 eng d
100 ## - MAIN ENTRY--PERSONAL NAME
Personal name Aminuzzaman, Salahuddin MD.
245 ## - TITLE STATEMENT
Title Decentralisation and urban local government in Tanzania
Remainder of title Recent reforms and policy evolution.
260 ## - PUBLICATION, DISTRIBUTION, ETC.
Date of publication, distribution, etc. 1985
300 ## - PHYSICAL DESCRIPTION
Extent 97-108
362 ## - DATES OF PUBLICATION AND/OR SEQUENTIAL DESIGNATION
Dates of publication and/or sequential designation July-Sept.
650 ## - SUBJECT ADDED ENTRY--TOPICAL TERM
Topical term or geographic name entry element Administrative Decentralisation - Tanzania
773 ## - HOST ITEM ENTRY
Main entry heading Nagarlok
909 ## -
-- 3194
Holdings
Withdrawn status Lost status Damaged status Not for loan Permanent Location Current Location Date acquired Serial Enumeration / chronology Barcode Date last seen Price effective from Koha item type
        Indian Institute of Public Administration Indian Institute of Public Administration 2018-07-19 Volume no: 17, Issue no: 3 AR3195 2018-07-19 2018-07-19 Articles

Powered by Koha